[Event "Mittelrhein Verbandsliga-N 18/19"]
[Site "Nordrheinwestfalen"]
[Date "2019.02.10"]
[Round "7.8"]
[White "Weber, Manfred"]
[Black "Hartmann, Heico"]
[Result "1/2-1/2"]
[WhiteElo "1464"]
[BlackElo "1510"]
[PlyCount "25"]
[EventDate "2018.09.02"]
[EventType "team-tourn"]
[EventRounds "12"]
[EventCountry "GER"]
[SourceTitle "EXT 2022"]
[Source "ChessBase"]
[SourceDate "2021.10.06"]
[SourceVersion "1"]
[SourceVersionDate "2021.10.06"]
[SourceQuality "1"]
[WhiteTeam "Eikamp ISVFB"]
[BlackTeam "Dormagen SV"]
[WhiteTeamCountry "GER"]
[BlackTeamCountry "GER"]

1. c4 g6 2. Nc3 Bg7 3. e4 Nf6 4. d3 0-0 5. Be2 d6 6. Nf3 b6 7. 0-0 Bb7 8. Bg5 Nbd7 9. Rb1 a6 10. Bxf6 Bxf6 11. Nd5 Bg7 12. Ne3 e6 13. Nc2 1/2-1/2

[Event "Berlin Eckbauer op 21st"]
[Site "Berlin"]
[Date "2018.11.12"]
[Round "5"]
[White "Riess, Bernhard"]
[Black "Weber, Manfred"]
[Result "1/2-1/2"]
[WhiteElo "1551"]
[BlackElo "1709"]
[PlyCount "71"]
[EventDate "2018.10.08"]
[EventType "swiss"]
[EventRounds "7"]
[EventCountry "GER"]
[SourceTitle "CBM 189 Extra"]
[Source "ChessBase"]
[SourceDate "2019.06.03"]
[SourceVersion "1"]
[SourceVersionDate "2019.06.03"]
[SourceQuality "1"]

1. d4 f5 2. c4 Nf6 3. Nc3 e6 4. Bg5 Be7 5. g3 0-0 6. Bg2 c6 7. e3 d5 8. cxd5 exd5 9. Nge2 Nbd7 10. 0-0 h6 11. Bxf6 Nxf6 12. Nf4 Bd6 13. Re1 Kh7 14. Rc1 Ne4 15. a3 a5 16. Na4 Re8 17. Nc5 Nxc5 18. dxc5 Be5 19. Qc2 Qf6 20. Nd3 Bc7 21. Nf4 Bd7 22. Nd3 b6 23. cxb6 Bxb6 24. Nc5 Bxc5 25. Qxc5 Qxb2 26. Rb1 Qf6 27. Rb7 Qe7 28. Qd4 Qd6 29. Bh3 Reb8 30. Reb1 Rxb7 31. Rxb7 Rf8 32. e4 g6 33. exd5 cxd5 34. Bg2 Rb8 35. Qxd5 Qxd5 36. Bxd5 1/2-1/2

[Event "Berlin Eckbauer op 16th"]
[Site "Berlin"]
[Date "2013.11.11"]
[Round "6"]
[White "Bruening, Wolfgang"]
[Black "Weber, Manfred"]
[Result "1-0"]
[WhiteElo "1939"]
[BlackElo "1750"]
[PlyCount "103"]
[EventDate "2013.10.07"]
[EventType "swiss"]
[EventRounds "7"]
[EventCountry "GER"]
[SourceTitle "EXT 2022"]
[Source "ChessBase"]
[SourceDate "2021.10.06"]
[SourceVersion "1"]
[SourceVersionDate "2021.10.06"]
[SourceQuality "1"]

1. Nf3 d5 2. d4 Nf6 3. c4 c6 4. Qb3 e6 5. g3 Be7 6. Bg2 Nbd7 7. 0-0 0-0 8. Bg5 h6 9. Bf4 b6 10. Nbd2 c5 11. cxd5 Nxd5 12. Rac1 Bb7 13. Nc4 Nxf4 14. gxf4 cxd4 15. Rfd1 Bf6 16. Nxd4 Bxg2 17. Kxg2 Nc5 18. Qe3 Qd5+ 19. Nf3 Qb7 20. Nd6 Qe7 21. Ne5 Bxe5 22. fxe5 f6 23. b4 Nb7 24. Qe4 Rab8 25. Rd3 fxe5 26. Qxe5 Qf6 27. Qxf6 Rxf6 28. Rc7 Nxd6 29. Rxd6 Rbf8 30. f3 Ra8 31. Rdd7 Rg6+ 32. Kf2 a5 33. b5 Rb8 34. Rc6 Rg5 35. a4 Rh5 36. Rxe6 Rxh2+ 37. Kg3 Rh1 38. Ree7 Rg1+ 39. Kf2 Rg5 40. f4 Rg4 41. e3 h5 42. Rb7 Rc8 43. Rec7 Rd8 44. Rd7 Rc8 45. Rxb6 h4 46. Rc6 Re8 47. b6 h3 48. b7 Rg2+ 49. Kf3 Rxe3+ 50. Kxe3 h2 51. b8Q+ Kh7 52. Qb1+ 1-0

[Event "Berlin Eckbauer op 16th"]
[Site "Berlin"]
[Date "2013.10.21"]
[Round "3"]
[White "Gebigke, Martin"]
[Black "Weber, Manfred"]
[Result "1-0"]
[WhiteElo "2121"]
[BlackElo "1750"]
[PlyCount "67"]
[EventDate "2013.10.07"]
[EventType "swiss"]
[EventRounds "7"]
[EventCountry "GER"]
[SourceTitle "EXT 2022"]
[Source "ChessBase"]
[SourceDate "2021.10.06"]
[SourceVersion "1"]
[SourceVersionDate "2021.10.06"]
[SourceQuality "1"]

1. d4 d5 2. c4 c6 3. Nf3 Nf6 4. e3 g6 5. Nc3 Bg7 6. cxd5 cxd5 7. Bb5+ Bd7 8. Qb3 Bxb5 9. Qxb5+ Qd7 10. Ne5 Qxb5 11. Nxb5 Na6 12. 0-0 0-0 13. b3 Rfd8 14. Ba3 Bf8 15. Rac1 e6 16. Bxf8 Kxf8 17. Nc7 Rac8 18. Nxa6 bxa6 19. f3 Ne8 20. Kf2 Nd6 21. Ke2 f6 22. Nd3 Ke7 23. Nb4 Kd7 24. Nxa6 Nb7 25. e4 Kd6 26. b4 e5 27. Nc5 Rc7 28. exd5 exd4 29. Ne4+ Kd7 30. Nxf6+ Kd6 31. Ne4+ Kd7 32. Nf6+ Kd6 33. Rxc7 Kxc7 34. Kd3 1-0

[Event "Berlin Eckbauer op 16th"]
[Site "Berlin"]
[Date "2013.10.07"]
[Round "1"]
[White "Weber, Manfred"]
[Black "Kalinitschew, Sergey"]
[Result "0-1"]
[WhiteElo "1750"]
[BlackElo "2442"]
[PlyCount "66"]
[EventDate "2013.10.07"]
[EventType "swiss"]
[EventRounds "7"]
[EventCountry "GER"]
[SourceTitle "EXT 2022"]
[Source "ChessBase"]
[SourceDate "2021.10.06"]
[SourceVersion "1"]
[SourceVersionDate "2021.10.06"]
[SourceQuality "1"]

1. d4 f5 2. c4 Nf6 3. Nc3 e6 4. g3 Bb4 5. Bg5 0-0 6. Nf3 b6 7. Bg2 Bb7 8. 0-0 Bxc3 9. bxc3 Be4 10. Nd2 Bxg2 11. Kxg2 Qc8 12. Bxf6 Rxf6 13. Nf3 Qa6 14. Qb3 Nc6 15. Rfe1 Rd8 16. Qb5 Qa3 17. Qb3 Qd6 18. Qc2 Na5 19. Qa4 c5 20. Rac1 Qc7 21. Rc2 d6 22. Kg1 e5 23. e3 Rh6 24. e4 f4 25. dxe5 dxe5 26. Rd2 Rf8 27. Rd7 Qb8 28. Nh4 fxg3 29. fxg3 Rhf6 30. Nf5 R6f7 31. Rxf7 Rxf7 32. Rd1 Qf8 33. Rd7 Qe8 0-1